Statistics for Word Scramble - Indian States

Click here to take the quiz!

General Stats

  • This quiz has been taken 55 times
  • The average score is 10 of 12

Answer Stats

ScrambleState% Correct
upjnbaPunjab
100%
jraugatGujarat
95%
atkaarnkaKarnataka
95%
aalekrKerala
91%
inmpaurManipur
91%
rabhiBihar
86%
sasmaAssam
81%
hpaldimhc raasheHimachal Pradesh
79%
hakanrdjJharkand
70%
agaeltnnaTelangana
63%
tadsat purrehUttar Pradesh
63%
eadshdam hpryMadhya Pradesh
51%

Score Distribution

Percentile by Number Answered

Percent of People with Each Score

Your Score History

You have not taken this quiz